000 00413nam a2200181Ia 4500
005 20240823030901.0
008 240823s9999||||xx |||||||||||||| ||und||
041 _aENGLISH
082 _A128 P1
100 _aHans Jakobi
245 0 _aHow to Be Rich & Happy om your income
250 _a1st
260 _c2001
_bMaster Mino
500 _aYES
650 _aHappy
_bGeneral
942 _cBK
999 _c189755
_d189755